Central Library and Information Centre
Sibsagar Girls' College, Sivasagar : Assam

RURAL DEVELOPMENT : MACRO-MICRO REALITIES (Record no. 9444)

MARC details
000 -LEADER
fixed length control field 00493cam a2200181ua 4500
008 - FIXED-LENGTH DATA ELEMENTS--GENERAL INFORMATION
fixed length control field 160711n II |||gr||||Z||||||eng
040 ## - CATALOGING SOURCE
Original cataloging agency MAIN
041 ## - LANGUAGE CODE
-- English
082 ## - DEWEY DECIMAL CLASSIFICATION NUMBER
Classification number 307.141254 SIS
100 ## - MAIN ENTRY--PERSONAL NAME
Personal name SISODIA,YATINDRA SINGH (ed./-).
245 ## - TITLE STATEMENT
Title RURAL DEVELOPMENT : MACRO-MICRO REALITIES
260 ## - PUBLICATION, DISTRIBUTION, ETC.
Place of publication, distribution, etc. JAIPUR
Name of publisher, distributor, etc. RAWAT PUBLICATION
300 ## - PHYSICAL DESCRIPTION
Extent 328:
Dimensions 22CM.
700 ## - ADDED ENTRY--PERSONAL NAME
Personal name SISODIA,YATINDRA SINGH (ed./-).,
Relator term Author.
942 ## - ADDED ENTRY ELEMENTS (KOHA)
Koha item type Books
653 ## - INDEX TERM--UNCONTROLLED
Uncontrolled term Rural Development of India
Holdings
Withdrawn status Lost status Damaged status Not for loan Collection code Home library Current library Shelving location Date acquired Full call number Barcode Date last seen Copy number Price effective from Koha item type
        REFSOC Central Library and Information Centre Sibsagar Girls College Central Library and Information Centre Sibsagar Girls College Location Not Found 01.08.2006 307.141254 SIS 21488 27.02.2020 1 27.02.2020 Books


Sibsagar Girl's College © 2020. All rights reserved.
Powered by Koha.
Maintained by Abhijit Borpuzari.